[Event "AUT-ch U16 Girls"]
[Site "Untersiebenbrunn"]
[Date "2012.04.01"]
[Round "2"]
[White "Augustin, Natascha"]
[Black "Strafinger, Elisabeth"]
[Result "0-1"]
[WhiteElo "1290"]
[BlackElo "1669"]
[PlyCount "56"]
[EventDate "2012.04.01"]
[EventType "swiss"]
[EventRounds "7"]
[EventCountry "AUT"]
[SourceTitle "CBM 147 Extra"]
[Source "ChessBase"]
[SourceDate "2012.04.24"]
[SourceVersion "1"]
[SourceVersionDate "2012.04.24"]
[SourceQuality "1"]

1. d4 d5 2. c4 e6 3. Nc3 c5 4. Nf3 Nc6 5. cxd5 exd5 6. e3 Nf6 7. a3 Bg4 8. Be2 Be7 9. h3 Bh5 10. Rb1 0-0 11. 0-0 a6 12. Qc2 Bd6 13. e4 dxe4 14. Nxe4 Nxe4 15. Qxe4 Bg6 16. Qe3 cxd4 17. Qb3 Bxb1 18. Bg5 Be7 19. Rxb1 Bxg5 20. Rd1 Rb8 21. g3 Bf6 22. h4 Qd7 23. Kg2 Rfe8 24. Bd3 Qe6 25. Bc4 Qd7 26. a4 Na5 27. Qb4 Nxc4 28. Qxc4 Rbc8 0-1